| 000 | 00582nam a2200181 a 4500 | ||
|---|---|---|---|
| 001 | 000028254 | ||
| 003 | DO-SdBNP | ||
| 005 | 20180221104211.0 | ||
| 007 | 000028254 | ||
| 008 | 110407s1995 dr a 000 0 spa d | ||
| 040 |
_aBPMSU _bspa _cBPMSU |
||
| 245 | 0 | 0 |
_aManifiesto de Monte Cristi. : _bconmemoración de su centenario (1895-1995) /. |
| 260 |
_aSanto Domingo, : _bSecretaría de Estado de Educación, Bellas Artes y Cultos, _c1995. |
||
| 300 |
_a37 p. : _bil. ; _c22 cm. |
||
| 942 |
_2ddc _cBK |
||
| 945 | _aInventariado / 2018 VM | ||
| 956 |
_aVMATEO _b10 _c20150807 _lBPMSU _h00151 |
||
| 999 |
_c8139 _d8139 |
||